000 00441nam a2200181Ia 4500
001 21445
005 20260306172919.0
008 260306t2015||||xx |||||||||||||| ||spa||
041 _aESP
082 _a345
_bN51 T. 1
100 _aNeyra Flores, José Antonio
_eAUT
245 0 _aTratado de derecho procesal penal
260 _c2015
300 _a675 páginas :
_c25 cm.
650 _aGEN
654 _aCDE
942 _cLIB
_dJUS
_fJUS
_2ddc
_n
999 _c21445
_d21445